The Mac is not a typewriter: a style manual for crating professional-level type on your Macintosh
-д хадгалсан:
| Үндсэн зохиолч: | |
|---|---|
| Формат: | Ном |
| Хэл сонгох: | англи |
| Хэвлэсэн: |
Berkeley
Peachpit
1990
|
| Нөхцлүүд: | |
| Шошгууд: |
Шошго нэмэх
Шошго байхгүй, Энэхүү баримтыг шошголох эхний хүн болох!
|
MARC
| LEADER | 00000nam a2200000 a 4500 | ||
|---|---|---|---|
| 001 | UCV8663 | ||
| 003 | CL-VaPUC | ||
| 008 | 911114e19900000US |||||||||||||||||eng|d | ||
| 082 | 0 | 4 | |a 686.22544 |b WIL |2 21 |
| 100 | 0 | |a Williams, Robin |e author |9 302689 | |
| 245 | 1 | 4 | |a The Mac is not a typewriter: a style manual for crating professional-level type on your Macintosh |
| 300 | |a 72 p | ||
| 942 | |c BK | ||
| 945 | |d 19911114 00:00:00 | ||
| 260 | |a Berkeley |b Peachpit |c 1990 | ||
| 650 | 7 | |a DIAGRAMACION POR PROGRAMAS COMPUTACIONALES |2 CL-VaPUC |9 267001 | |
| 650 | 7 | |a MACINTOSH COMPUTADOR PROGRAMACION |2 CL-VaPUC |9 267002 | |
| 583 | |a last modification |c 19911114 00:00:00 |k Rodrigo Vera | ||
| 999 | |c 214147 |d 214145 | ||
| 952 | |0 0 |1 0 |4 0 |6 686_225440000000000_WIL_1990 |7 0 |8 A |9 197258 |a BIBARQ |b BIBARQ |d 2019-11-14 |i 2649497 |o 686.22544 WIL 1990 |p 2649497 |r 2025-01-20 |w 2019-11-14 |y BK |k ARQ | ||